Statistics for English goalkeepers in FA Cup final

Click here to take the quiz!

General Stats

  • This quiz has been taken 70 times
  • The average score is 5 of 20

Answer Stats

HintAnswer% Correct
2003David Seaman
85%
2011Joe Hart
72%
2010David James
72%
1987Ray Clemence
63%
1988Dave Beasant
39%
1990Nigel Martyn
37%
1990Les Sealey
26%
1980Phil Parkes
24%
1991Mark Crossley
22%
1993Chris Woods
19%
1986Bobby Mimms
15%
1984Steve Sherwood
13%
1997Ben Roberts
6%
1999Steve Harper
6%
1982Peter Hucker
6%
1992Tony Norman
4%
2004Andy Marshall
4%
1987Syeve Ogrizovic
0%
1983Graeme Moseley
0%
1981Milija Aleksic
0%

Score Distribution

Percentile by Number Answered

Percent of People with Each Score

Your Score History

You have not taken this quiz